Falling Down - Lil Peep & XXXTENTACION - All Lyrics - Statistics

General Stats
  • This quiz has been taken 459 times
  • The average score is 193 of 233
Answer Stats
Answer % Correct
falling
99%
falling,
99%
down
98%
down,
98%
I
98%
rain
98%
Rain
98%
a
97%
in
97%
the
97%
watch
96%
let's
95%
it's
94%
yeah
90%
as
89%
Come,
89%
come,
89%
oh-oh,
89%
oh-oh
89%
Oh-oh-oh,
89%
Oh-oh-oh
89%
your
86%
when
83%
on
82%
not
80%
around
79%
around,
79%
don't
78%
I'm
78%
skin
77%
feel
76%
keep
76%
of
76%
same
75%
Shit
75%
Sunlight
75%
town
74%
out
73%
So
71%
you're
68%
tears
64%
keeps
63%
And
54%
just
54%
can't
52%
is
51%
like
49%
walking
48%
love
44%
bed
42%
Darlin',
42%
nails
41%
fightin'
27%
fighting
18%
No matching quizzes found
Score Distribution
Percent of People with Each Score
Percentile by Number Answered
Your Score History
You have not taken this quiz